• 首页
  • 本馆介绍
  • 公告通知
  • 最新文献
  • 馆藏检索
  • 电子资源
  • 读者导购
  • 参考咨询
  • 我的图书馆
  • 登录
  • 详细信息显示
  • 放入我的书架
  • 预约/预借图书
  • 作者相关作品
  • 分类相关作品
  • 丛书相关作品
  • 出版社相关作品

书目信息

  • 表格格式
  • 工作单格式
  • 卡片格式
题名:
儿童叙事家庭治疗
    
 
作者: 弗里曼 , 艾普斯顿 , 莱博维奇 著 ;曾容 译
分册:  
出版信息: 重庆   重庆大学出版社  2018
页数: 283页
开本: 25cm
丛书名: 叙事治疗经典译丛
单 册:
中图分类: R749.940.5
科图分类:
主题词: 儿童--精神疗法
电子资源:
ISBN: 978-7-5689-0911-2
000 01704oam2 2200313 450
001 012001001172
005 20140107150457.0
010    @a978-7-5689-0911-2@b精装@dCNY88.00
100    @a20181129d2018 em y0chiy50 ea
101 1  @achi@ceng
102    @aCN@b500000
105    @aa z 000yy
106    @ar
200 1  @a儿童叙事家庭治疗@Aer tong xu shi jia ting zhi liao@dPlayful approaches to serious problems: narrative therapy with children and their families@f(美)珍妮·弗里曼,(新西兰)大卫·艾普斯顿,(美)迪恩·莱博维奇著@g曾容译@zeng
210    @a重庆@c重庆大学出版社@d2018
215    @a283页@c图@d25cm
225 1  @a叙事治疗经典译丛
300    @a心理咨询师系列
330    @a这是一本出色的叙事治疗方式编年史,书中记录了如何运用叙事方式解决儿童及其家庭所面临的问题,以及儿童如何战胜严重问题。全书共分三部分:第一部分提出基本原理、观念及实践,说明在对儿童与其家人进行叙事治疗时,如何运用游戏式对话,其中还穿插着小图画与大段的案例故事;第二部分说明每位作者的特殊偏好:詹妮喜欢在充满美术材料、玩具屋、玩偶、沙盘和袖珍人物架的游戏室里和所治疗的家庭见面;她开发的游戏治疗与艺术表达方式应用在各种语言或非语言的交流中,这些方法有助于儿童的表达,并增加了在叙事治疗中实行游戏。
410  0 @12001 @a叙事治疗经典译丛
510 1  @aPlayful approaches to serious problems: narrative therapy with children and their families@zeng
606 0  @a儿童@x精神疗法
690    @aR749.940.5@v5
701  0 @c(美)@a弗里曼@Afu li man@c(Freeman, Jennifer)@4著
701  0 @c(新西兰)@a艾普斯顿@Aai pu si dun@c(Epston, David)@4著
701  0 @c(美)@a莱博维奇@Alai bo wei qi@c(Lobovits, Dean)@4著
702  0 @a曾容@Azeng rong@4译
801  0 @aCN@b北京卓展@c20191020
905    @b1201551-4@dR749.940.5@e224@f4
    
    儿童叙事家庭治疗=Playful approaches to serious problems: narrative therapy with children and their families/(美)珍妮·弗里曼,(新西兰)大卫·艾普斯顿,(美)迪恩·莱博维奇著/曾容译.-重庆:重庆大学出版社,2018
    283页:图;25cm.-(叙事治疗经典译丛)
    心理咨询师系列
    
    ISBN 978-7-5689-0911-2(精装):CNY88.00
    这是一本出色的叙事治疗方式编年史,书中记录了如何运用叙事方式解决儿童及其家庭所面临的问题,以及儿童如何战胜严重问题。全书共分三部分:第一部分提出基本原理、观念及实践,说明在对儿童与其家人进行叙事治疗时,如何运用游戏式对话,其中还穿插着小图画与大段的案例故事;第二部分说明每位作者的特殊偏好:詹妮喜欢在充满美术材料、玩具屋、玩偶、沙盘和袖珍人物架的游戏室里和所治疗的家庭见面;她开发的游戏治疗与艺术表达方式应用在各种语言或非语言的交流中,这些方法有助于儿童的表达,并增加了在叙事治疗中实行游戏。
●
相关链接 在E读中查询图书 在五车中查询图书 在当当中查询图书 在豆瓣中查询图书


正题名:儿童叙事家庭治疗     索取号:R749.940.5/224         预约/预借

序号 登录号 条形码 馆藏地/架位号 状态 备注
1 1201551   212015512   第二样本阅览室/ [索取号:R749.940.5/224] 在馆    
2 1201552   212015521   第三借阅区/ [索取号:R749.940.5/224] 在馆    
3 1201553   212015530   第三借阅区/ [索取号:R749.940.5/224] 在馆    
4 1201554   212015549   第三借阅区/ [索取号:R749.940.5/224] 在馆    
唐山师范学院图书馆 欢迎您!
大连网信软件有限公司© 版权所有